000 00866nam a2200217Ii 4500
003 JO-AjNU
008 230605s9999||||xx |||||||||||||| ||und||
017 _a2004/12/2934
040 _aJO-AjNU
_bara
_erda
_cJO-AjNU
041 _aara
050 1 4 _aLB1028.K5422.2014
100 3 _aالكيلاني، عبدالله زيد مؤلف/الشريفين،نضال كمال م.مشارك,
_eauthor
_945066
245 0 0 _aمدخل إلى البحث في العلوم التربوية والإجتماعية،أساسياته-مناهجه-تصاميمه-أساليبه الإحصائية
250 _aط4
264 3 1 _aعمان:دار المسيرة،2014
300 _a511ص
_bملحق جداول:(491-506)
336 _atext
_btxt
_2rdacontent
337 _aunmediated
_bn
_2rdamedia
338 _avolume
_bnc
_2rdacarrier
650 4 _aالتعليم-بحوث
_945067
999 _aA19508
_c23076
_d23076